000 00449nam a22001817a 4500
003 UA-OsUOA
001 129780
007 ta
008 20180322b un ||||| |||| 00| 0 ukr d
100 _aBaggally W. W.
942 _cEB
040 _aUA-OsUOA
_beng
_cUA-OsUOA
_dUA-OsUOA
245 _aTelepathy Genuine and Fraudulent
955 _a2
041 _aeng
856 4 0 _uhttp://digilibraries.com/ebook/telepathy-genuine-and-fraudulent
650 7 _2UDC
999 _c417685
_d417685